000 00611nam a2200205Ia 4500
008 240729s9999 xx 000 0 und d
022 _a1684-4769
245 0 _aInternational Journal of Computer Science in Sport
260 _aPoland
260 _bSciendo
650 _a Electronic computers. Computer science
650 _a Instruments and machines
650 _a Mathematics
650 _a Recreation. Leisure
650 _a Sports | Science
650 _aGeography. Anthropology. Recreation
856 _uhttps://doaj.org/toc/eab16e690c674338880d474202cd3c55
942 _2ddc
942 _cDOAJEJ
999 _c71231
_d71231
945 _a1
_bMadushi Gamage
_c1
_dMadushi Gamage